Cuadro general del comercio esterior (sic) de España con sus posesiones ultramarinas y potencias estrangeras (sic / (Record no. 1017)

MARC details
000 -LEADER
campo de control de longitud fija 01447nas a2200313 i 4500
001 - NÚMERO DE CONTROL
campo de control 1017
003 - IDENTIFICADOR DE NÚMERO DE CONTROL
campo de control ES-MaACL
005 - FECHA Y HORA DE LA ÚLTIMA TRANSACCIÓN
campo de control 20250901102120.0
007 - CAMPO FIJO DE DESCRIPCIÓN FÍSICA--INFORMACIÓN GENERAL
campo de control de longitud fija t|
008 - DATOS DE LONGITUD FIJA--INFORMACIÓN GENERAL
campo de control de longitud fija 950801c1851 sp | | 1 ||pa d
080 ## - NÚMERO DE LA CLASIFICACIÓN DECIMAL UNIVERSAL
Número de la Clasificación Decimal Universal 460
245 00 - MENCIÓN DEL TÍTULO
Título Cuadro general del comercio esterior (sic) de España con sus posesiones ultramarinas y potencias estrangeras (sic /
Mención de responsabilidad, etc. Dirección General de Aduanas y Aranceles.
260 ## - PUBLICACIÓN, DISTRIBUCIÓN, ETC.
Lugar de publicación, distribución, etc. Madrid :
Nombre del editor, distribuidor, etc. Imp. D.S. Baz,
Fecha de publicación, distribución, etc. 1851-
300 ## - DESCRIPCIÓN FÍSICA
Extensión 138 v. ;
Dimensiones 31 cm.
362 0# - FECHAS DE PUBLICACIÓN Y/O DESIGNACIÓN SECUENCIAL
Fecha de publicación y/o designación secuencial 1849-
500 ## - NOTA GENERAL
Nota general Desde 1863 figura publicada por la Dirección General de Impuestos Indirectos.
500 ## - NOTA GENERAL
Nota general Desde 1866 figura publicada por la Dirección General de Rentas.
500 ## - NOTA GENERAL
Nota general Desde 1888 figura publicada por la Dirección General de Contribuciones Indirectas.
650 17 - PUNTO DE ACCESO ADICIONAL DE MATERIA--TÉRMINO DE MATERIA
Término de materia o nombre geográfico como elemento de entrada Comercio
Fuente del encabezamiento o término embne
9 (RLIN) 11157
710 1# - ENTRADA AGREGADA--NOMBRE DE ENTIDAD CORPORATIVA
Nombre de entidad corporativa o nombre de jurisdicción como elemento de entrada España.
Unidad subordinada Dirección General de Aduanas.
9 (RLIN) 166270
710 1# - ENTRADA AGREGADA--NOMBRE DE ENTIDAD CORPORATIVA
Nombre de entidad corporativa o nombre de jurisdicción como elemento de entrada España.
Unidad subordinada Dirección General de Impuestos Indirectos.
9 (RLIN) 3741
710 1# - ENTRADA AGREGADA--NOMBRE DE ENTIDAD CORPORATIVA
Nombre de entidad corporativa o nombre de jurisdicción como elemento de entrada España.
Unidad subordinada Dirección General de Rentas Públicas.
9 (RLIN) 3783
710 1# - ENTRADA AGREGADA--NOMBRE DE ENTIDAD CORPORATIVA
Nombre de entidad corporativa o nombre de jurisdicción como elemento de entrada España.
Unidad subordinada Dirección General de Contribuciones Indirectas.
9 (RLIN) 3721
785 01 - ENTRADA/ENLACE A UN TÍTULO POSTERIOR
Encabezamiento principal Estadística general del comercio exterior de España
Lugar, editor y fecha de publicación 1856
785 00 - ENTRADA/ENLACE A UN TÍTULO POSTERIOR
Encabezamiento principal Estadística del comercio exterior de España
Lugar, editor y fecha de publicación 1922
852 ## - LOCALIZACIÓN
Ubicación ES-MaACL
Número de control de estantería Hem-392
866 #0 - MENCIÓN TEXTUAL DE FONDOS--UNIDAD BIBLIOGRÁFICA BÁSICA
Fondos 1851-57,1861-64,1866-1913,(1914f.t.II)1915-19(1921f.t.2)1922,1924-34(1935f.t.II-III),1941-64(1965f.n.2-12)(1966).
Holdings
Estatus retirado Estado de pérdida Estado de daño No para préstamo Colección Biblioteca de origen Biblioteca actual Ubicación en estantería Fecha de adquisición Fuente de adquisición Total de préstamos Signatura topográfica completa Código de barras Visto por última vez Precio de reemplazo Tipo de ítem Koha
        Periódicos y Revistas Biblioteca del Ateneo de Madrid Biblioteca del Ateneo de Madrid Depósito 1 17/01/2008     Hem-392 1001036 23/02/2023 23/02/2023 Revista